00893 2200301 4500001002100000005001500021035002000036007000300056008004100059020002200100082001500122084001700137100003900154245006700193250003500260300003400295650002100329504002900350264003800379336002100417337003000438338002300468040002200491090002200513850001200535999002200547990002200569INLIS00000000089834120250724014453 a0010-0725000919ta250724s2025 yoia g ind  a978-623-442-495-904223a615.32 a615.32 HEI s0 aHeironymus Budi SantosoePengarang10aSolusi herbal untuk perawatan tubuh /cHeironymus Budi Santoso aCetakan Pertama, Februari 2025 a66 halaman :bgambar ;c17 cm 4aObat tradisional aBibliografi : halaman 6331aYogyakarta :bPohon Cahaya,c2025 2rdacontentateks 2rdamediaatanpa perantara 2rdacarrieravolume aYOPDYOGbinderda aCB-D.11 2025-2104 aYOPDYOG aCB.D.11/2025-2104 aCB-D.11/2025-2104